00648nam a2200229 a 4500001001300000003000900013005001700022008004100039020001000080082001600090100001800106245002500124260003200149300000900181500003500190650002400225700001800249902000800267942000700275952011900282999001700401nice12345678IN_TiNIC20260116015143.0071005s1988 lona grp 000 0 eng  ac10000a955.05bSIM aSimpson, John aBehind Iranian Lines aLondonbFontana Booksc1988 a398p aincludes index and biblioraphy aIran-History-Modern1 aSimpson, John bSRS cBK 001040708StackRoom-aHMIbHMId2008-01-21g100.00l0o955.05 SIMp11001827r2008-01-21v100.00w2007-10-05yBK c18526d18526